Curso sistemático de gramática alemana : morfología /
Guardado en:
| Autor Principal: | |
|---|---|
| Formato: | Libro |
| Publicado: |
Bah¡a Blanca :
Cooperadora Instituto Tecnol¢gico del Sur,
1951
|
| Edición: | 2a. ed. |
| Materias: | |
| Etiquetas: |
Agregar Etiqueta
Sin Etiquetas, Sea el primero en etiquetar este registro!
|
| LEADER | 00582nam a22001935a 4500 | ||
|---|---|---|---|
| 001 | CEM.cems007265 | ||
| 005 | 20060214000000.0 | ||
| 008 | 130507s1951##################000#0#####d | ||
| 003 | CEMS | ||
| 082 | 0 | 4 | |a 435 |
| 100 | 1 | |a Thiele, Guillermo | |
| 245 | 1 | 0 | |a Curso sistemático de gramática alemana : |b morfología / |
| 250 | |a 2a. ed. | ||
| 260 | |a Bah¡a Blanca : |b Cooperadora Instituto Tecnol¢gico del Sur, |c 1951 | ||
| 300 | |a 176 p. | ||
| 653 | |a Aleman-gramática | ||
| 653 | |a Gramática alemana | ||
| 653 | |a Linguistica | ||
| 859 | |a CEMS |b BIB. CEMS - 11 de abril |h 435 |i T347a2 |p 17097.93 |t Ej.1 | ||
